Statistiques concernant Harry Potter: la Famille Londubat

Cliquez ici pour prendre le quiz!

Statistiques générales

  • Ce quiz a été pris 95 fois
    (13 depuis la dernière actualisation)
  • Le résultat moyen est 6 sur 13

Statistiques - réponses

InformationRéponses% Correct
Membre connuNeville Londubat
92%
Première apparitionHarry Potter à l'école des sorciers
85%
Dernière apparitionHarry Potter et les Reliques de la Mort
85%
Statut du sangSang-Pur
85%
Membre connue (par alliance)Alice Londubat
77%
Membre connuFrank Londubat
69%
Membre connue (par alliance)Augusta Londubat
31%
Membre connue (par alliance)Hannah Abbot
23%
Registre auquel elle appartientRegistre des Sang-Pur
23%
Membre connuAlgie Londubat
0%
Membre connue (par alliance)Callidora Londubat
0%
Membre connueEnid Londubat
0%
Membre connuHarfang Londubat
0%

Distribution des résultats

Percentile par nombre de réponses

% des personnes avec chaque résultat

Votre développement - résultats

Vous n’avez pas pris ce quiz depuis la dernière actualisation